Energy dependence of mass, charge, isotopic, and energy distributions in neutron-induced fission of [235]U and [239]Pu; Physical Review C; Vol. 93, iss. 5
| Parent link: | Physical Review C: covering nuclear physics.— , 1970- Vol. 93, iss. 5.— 2016.— [054602] |
|---|---|
| Autor Corporativo: | |
| Outros Autores: | , , , , |
| Resumo: | Title screen The mass, charge, isotopic, and kinetic-energy distributions of fission fragments are studied within an improved scission-point statistical model in the reactions [235]U+n and [239]Pu +n at different energies of the incident neutron. The charge and mass distributions of the electromagnetic- and neutron-induced fission of [214, 218]Ra, [230, 232, 238]U are also shown. The available experimental data are well reproduced and the energy-dependencies of the observable characteristics of fission are predicted for future experiments. |
| Idioma: | inglês |
| Publicado em: |
2016
|
| Assuntos: | |
| Acesso em linha: | http://dx.doi.org/10.1103/PhysRevC.93.054602 |
| Formato: | Recurso Electrónico Capítulo de Livro |
| KOHA link: | https://koha.lib.tpu.ru/cgi-bin/koha/opac-detail.pl?biblionumber=648291 |
MARC
| LEADER | 00000naa0a2200000 4500 | ||
|---|---|---|---|
| 001 | 648291 | ||
| 005 | 20250220113042.0 | ||
| 035 | |a (RuTPU)RU\TPU\network\13448 | ||
| 090 | |a 648291 | ||
| 100 | |a 20160516d2016 k||y0rusy50 ba | ||
| 101 | 0 | |a eng | |
| 102 | |a US | ||
| 135 | |a drcn ---uucaa | ||
| 181 | 0 | |a i | |
| 182 | 0 | |a b | |
| 200 | 1 | |a Energy dependence of mass, charge, isotopic, and energy distributions in neutron-induced fission of [235]U and [239]Pu |f H. Pasca [et al.] | |
| 203 | |a Text |c electronic | ||
| 300 | |a Title screen | ||
| 330 | |a The mass, charge, isotopic, and kinetic-energy distributions of fission fragments are studied within an improved scission-point statistical model in the reactions [235]U+n and [239]Pu +n at different energies of the incident neutron. The charge and mass distributions of the electromagnetic- and neutron-induced fission of [214, 218]Ra, [230, 232, 238]U are also shown. The available experimental data are well reproduced and the energy-dependencies of the observable characteristics of fission are predicted for future experiments. | ||
| 461 | |t Physical Review C |o covering nuclear physics |d 1970- | ||
| 463 | |t Vol. 93, iss. 5 |v [054602] |d 2016 | ||
| 610 | 1 | |a труды учёных ТПУ | |
| 610 | 1 | |a электронный ресурс | |
| 701 | 1 | |a Pasca |b H. | |
| 701 | 1 | |a Andreev |b A. V. | |
| 701 | 1 | |a Adamyan |b G. G. |g Gurgen Grigorjevich | |
| 701 | 1 | |a Antonenko |b N. V. |c physicist |c Professor of Tomsk Polytechnic University, Doctor of physical and mathematical sciences |f 1964- |g Nikolay Viktorovich |3 (RuTPU)RU\TPU\pers\35905 |9 19046 | |
| 701 | 1 | |a Kim |b Yu. | |
| 712 | 0 | 2 | |a Национальный исследовательский Томский политехнический университет |b Физико-технический институт |b Кафедра высшей математики и математической физики |3 (RuTPU)RU\TPU\col\18727 |9 27176 |
| 801 | 2 | |a RU |b 63413507 |c 20161115 |g RCR | |
| 856 | 4 | 0 | |u http://dx.doi.org/10.1103/PhysRevC.93.054602 |
| 942 | |c CF | ||